Central Library OPAC University of Rajshahi
Normal view MARC view

Entry Topical Term

Number of records used in: 1

001 - CONTROL NUMBER

  • control field: 13339

003 - CONTROL NUMBER IDENTIFIER

  • control field: BD-RjUL

005 - DATE AND TIME OF LATEST TRANSACTION

  • control field: 20240606102641.0

008 - FIXED-LENGTH DATA ELEMENTS

  • fixed length control field: 240606|| aca||aabn | a|a d

040 ## - CATALOGING SOURCE

  • Original cataloging agency: BD-RjUL
  • Transcribing agency: BD-RjUL

150 ## - HEADING--TOPICAL TERM

  • Topical term or geographic name entry element: Diseases
  • Form subdivision: Pesticdes

670 ## - SOURCE DATA FOUND

  • Source citation: Work cat.: (BD-RjUL)83912: Das, Bharati 13338, Toxci Effects of Endosuifan on Renal and Hepatic Tissues of Albino Rat and its Reduction by some Vitamins /, 2010